Регионална библиотека "Любен Каравелов" - Русе

Бизнесът на бъдещето (Запис номер 195874)

MARC детайли
000 -Лидер
Контролно поле с фиксирана дължина 02044nam a2200409 c 4500
003 - Код на организацията, давaща контролен номер
Контролно поле BLK
005 - Дата и час на последна редакция
Контролно поле 20200108151852.0
008 - Елементи от данни с фиксирана дължина
fixed length control field 180411b bul|||||r ||||||| ||bul||
010 ## - Наследен системен номер
LC control number KNG00205129000
020 ## - Международен стандартен номер на книга ISBN
Международен стандартен номер на книга ISBN 978-954-9696-52-3
040 ## - Източник на каталожния запис
Идентификатор на билиотеката - собственик на записа BLK
041 ## - Код за език
Код за езика на текст/звукозапис или на отделно заглавие Български
Код за езика КДБФ Български
072 #7 - Код за тематичната категория
Код организация bullib
Код за тематична категория Н33
Текст Икономика Н
080 ## - УДК
Текстов определител УДК Икономическо положение. Икономическа политика. Управление. Планиране. Производство. Услуги. Цени
УДК код - определител по УДК 338
УДК определител (02.062)
УДК - код + определител 338(02.062)
080 ## - УДК
Текстов определител УДК Етика на бизнеса. Успех
УДК код - определител по УДК 174.4
УДК определител (02.062)
УДК - код + определител 174.4(02.062)
080 ## - УДК
Текстов определител УДК Икономическа психология. Икономическо поведение. Физиологични и психологични елементи. Интереси. Икономически дух
УДК код - определител по УДК 330.16
УДК определител (02.062)
УДК - код + определител 330.16(02.062)
100 1# - Редна дума - Автор
Автор Брансън, Ричард
Авторска отговорност първи автор
R(LIN) 42928
139 ## - Редно поле
Редна дума Брансън, Ричард
Авторски знак Бран - Б 77
245 10 - Сведения за заглавието
Заглавие Бизнесът на бъдещето
Редно поле (дума) Ричард Брансън; прев. Антоанета Тошева.
250 ## - Област на изданието
Сведения за изданието [2. изд.]
257 ## - Страна на издаване
Страна на създаване/издаване Великобритания
260 ## - Област на издателските данни
Име на издателя, разпространителя и проч. AMG
Година на издаване 2017
Печатница Хасково : Полиграфюг
300 ## - Физическа характеристика
Страници 360 с.
Размери/Мащаб 21 см
380 ## - Жанр
Жанр Обществени науки
500 ## - Общи забележки
Забележка 1. изд. 2017. - Ориг. загл. Screw Business As Usual / Richard Branson. - Пълното име на авт. е Ричард Чарлс Николас Брансън.
650 #4 - Допълнително описание по предмет – тема
Основно описание – тема или топоним Предприемачество
9 (RLIN) 167569
650 #4 - Допълнително описание по предмет – тема
Основно описание – тема или топоним Икономическо поведение
9 (RLIN) 245306
653 ## - Ключова дума – ненормативна
Ключова дума предприемачество
653 ## - Ключова дума – ненормативна
Ключова дума икономическо поведение
659 ## - Тематичен бюлетин
Тематичен бюлетин Н
700 1# - Други автори (авторска отговорност)
Лично име Тошева, Антоанета
Автороска отговорност (Описва отношението между автора и произведението) прев.
9 (RLIN) 368437
852 ## - Местоположение
Форматна сигнатура Цб 285177
856 4# - Електронен адрес и достъп
Електронен формат pdf - файл
856 4# - Електронен адрес и достъп
Електронен формат pdf - файл
999 ## - СИСТЕМНИ КОНТРОЛНИ НОМЕРА
Koha biblionumber 195874
Koha biblioitemnumber 195874
942 ## - АРТИКУЛИ
Вид на библиотечния материал Книги
Скрит в OPAC Не
Koha issues (borrowed), all copies 4
944 ## - СЪЗДАВАНЕ И РЕДАКЦИЯ на ЗАПИСА
Създаване/Редакция Създаване
Дата на регистрацията/редакция 18.04.2017
Служител, извършил регистрацията/редакцията Виолета_Тройчева
944 ## - СЪЗДАВАНЕ И РЕДАКЦИЯ на ЗАПИСА
Създаване/Редакция Редакция
Дата на регистрацията/редакция 02.05.2017
Служител, извършил регистрацията/редакцията Людмила_Стоянова
999 ## - СИСТЕМНИ КОНТРОЛНИ НОМЕРА
Koha biblioitemnumber 195874
Наличности
Код за отписване Код за изгубен артикул Код за повреда Коз за рестрикции Код за отдаване Артикулен № Име на библиотеката - собственик Име на библиотеката, в която се намира в момента Статус (Текущо местоположение) Дата на вписване в системата Местоположение - отдел Цена в лева Инвентарен номер Систематично азбучна сигнатура Баркод Номер на екземпляра Цена в евро Служебна бележка Служебен тип на артикула
  Не е изгубен Не е повреден без рестрикции заемане за дома 341828 Регионална библиотека "Любен Каравелов" Русе Регионална библиотека "Любен Каравелов" Русе Заемна - подръчен фонд 2017-04-24 Заемна - подръчен фонд 14.04 120000810194 П 338/Б 77 120000810194 1 7.18 Дост: Pk Вид: Ф N: 821 Дата: 13.04.2017 Дата инв: 15.02.2018 Бележки инв: П2018 Книги
Vip Innovations Ltd, Rousse, Bulgaria 2025